000 00227nam a2200097Ia 4500
008 190216s9999||||xx |||||||||||||| ||und||
100 _aEdward Ructor
245 0 _aWorld History
260 _bThe World Press Pvt Ltd
942 _cBK
999 _c18627
_d18627